[Event "AUT-chT2M 1314"]
[Site "Austria"]
[Date "2014.03.22"]
[Round "7.6"]
[White "Heimberger, Reinhard"]
[Black "Hatzl, Johannes"]
[Result "1/2-1/2"]
[WhiteElo "2313"]
[BlackElo "2131"]
[PlyCount "69"]
[EventDate "2013.10.04"]
[EventType "team-tourn"]
[EventRounds "11"]
[EventCountry "AUT"]
[SourceTitle "EXT 2015"]
[Source "ChessBase"]
[SourceDate "2014.11.20"]
[SourceVersion "1"]
[SourceVersionDate "2014.11.20"]
[SourceQuality "1"]
[WhiteTeam "St Valentin"]
[BlackTeam "Fuerstenfeld"]
[WhiteTeamCountry "AUT"]
[BlackTeamCountry "AUT"]

1. g3 e5 2. c4 Nf6 3. Bg2 d5 4. cxd5 Nxd5 5. Nf3 Nc6 6. 0-0 Be7 7. d4 exd4 8. Nxd4 Nxd4 9. Qxd4 Nf6 10. Qa4+ c6 11. Nc3 0-0 12. e4 Qb6 13. Qc2 Qa5 14. a3 Be6 15. h3 Rad8 16. Be3 Rd7 17. b4 Qc7 18. Rac1 a5 19. Bf4 Qd8 20. bxa5 Bxa3 21. Ra1 Bb4 22. e5 Nd5 23. Nxd5 Bxd5 24. Bxd5 Rxd5 25. a6 bxa6 26. Qxc6 a5 27. e6 fxe6 28. Qxe6+ Kh8 29. Bc7 Qg5 30. h4 Qf5 31. Qxf5 Rdxf5 32. f4 Rd5 33. Rfd1 Rxd1+ 34. Rxd1 Kg8 35. Kg2 1/2-1/2